Statistics for China, Taiwan or Hong Kong?

Click here to take the quiz!

General Stats

  • This quiz has been taken 788 times
  • The average score is 13 of 20

Answer Stats

QuestionAnswer% Correct
Majority speak CantoneseHong Kong
96%
Alibaba, Tencent, Baidu, Huawei, Xiaomi, TikTokChina
88%
Use Simplified ChineseChina
88%
Currency is yuanChina
85%
Umbrella MovementHong Kong
80%
Same sex marriage is legalTaiwan
78%
The Great FirewallChina
77%
Cultural RevolutionChina
75%
Majority ethnic Han ChineseAll of the above
74%
National day on October 10thTaiwan
68%
Sunflower Student MovementTaiwan
65%
Drives on the leftHong Kong
63%
Highest GDP per capitaHong Kong
63%
Once occupied by JapanAll of the above
60%
No death penaltyHong Kong
56%
Visa-free entry into the United StatesTaiwan
56%
Universal suffrageTaiwan
51%
National carrier is China AirlinesTaiwan
41%
Standard voltage is 110VTaiwan
33%
Member of Asia-Pacific Economic Cooperation (APEC)All of the above
27%

Score Distribution

Percentile by Number Answered

Percent of People with Each Score

Your Score History

You have not taken this quiz